| 000 | 00968nam a22003137a 4500 | ||
|---|---|---|---|
| 001 | 5833 | ||
| 003 | FISKH | ||
| 005 | 20250131101213.0 | ||
| 008 | 250123b cb ||||| |||| 00| 0 eng d | ||
| 020 | _a9781447299516 | ||
| 040 |
_aFISKH _beng _cFISKH _dFISKH |
||
| 050 | _aPZ7.D15243 | ||
| 082 | _a823.914 | ||
| 100 |
_aDale, Jenny _d(1956-) |
||
| 245 |
_aSpot : _bThe sporty puppy / _cby Jenny Dale ; Illustrated by Frank Rodgers |
||
| 250 | _aThis edition published in 2015 | ||
| 260 |
_aLondon : _bMacmillan, _c1999. |
||
| 300 |
_a60 pages : _billustrations ; _c20 cm |
||
| 490 | _aJenny Dale's puppy tales | ||
| 505 | _aL | ||
| 520 | _aAfter getting in trouble for almost ruining Field Day at Matt's school, Spot proves himself a hero. | ||
| 521 | 8 |
_a510
_bLexile estimate |
|
| 521 | 8 |
_aL
_bRaz-Plus |
|
| 650 |
_2Fiction _aReading |
||
| 650 |
_2Yellow _aChildren |
||
| 700 |
_aDale, Jenny _dillustrator |
||
| 942 |
_2ddc _cBK _n0 |
||
| 999 |
_c5833 _d5833 |
||